000
00291pab a2200133 454500
008
180718b1985 xxu||||| |||| 00| 0 eng d
245
_a
Punjab
_b
Provocations
260
_c
1985
300
_a
1-2
362
_a
6 Apr.
650
_a
Punjab - Politics
773
_a
Mainstream
909
_a
16832
999
_c
16832
_d
16832